Splatoon 3 - All Main Weapons - Statistics

General Stats
  • This quiz has been taken 252 times
    91 since last reset
  • The average score is 50 of 65
Answer Stats
Weapon % Correct
Splat Charger
96%
Splattershot
96%
Octobrush
95%
Splat Roller
95%
Inkbrush
93%
Splat Dualies
93%
Carbon Roller
89%
Dynamo Roller
89%
Heavy Splatling
89%
Slosher
89%
E-liter 4K
88%
Mini Splatling
88%
Splatana Wiper
88%
Splattershot Jr.
88%
Tenta Brella
88%
Tri-Slosher
88%
Tri-Stringer
88%
Undercover Brella
88%
Blaster
86%
Rapid Blaster
86%
Splat Brella
86%
Painbrush
84%
Range Blaster
84%
Dualie Squelchers
81%
Bamboozler 14
79%
Flingza Roller
79%
Splatterscope
79%
Big Swig Roller
77%
Hydra Splatling
77%
Jet Squelcher
77%
Luna Blaster
77%
Snipewriter
77%
Splatana Stamper
77%
Squiffer
77%
Tetra Dualies
77%
Decavitator
75%
Nautilus
75%
Sploosh-o-matic
75%
Clash Blaster
74%
Explosher
74%
Splash-o-matic
74%
Aerospray
72%
Bloblobber
72%
Dapple Dualies
72%
Goo Tuber
72%
Splattershot Pro
72%
Dread Wringer
70%
REEF-LUX 450
70%
Sloshing Machine
70%
E-liter 4K Scope
67%
Glooga Dualies
67%
Splattershot Nova
67%
Wellstring V
67%
Rapid Blaster Pro
65%
Ballpoint Splatling
63%
Heavy Edit Splatling
63%
N-ZAP
63%
Squeezer
63%
.52 Gal
61%
S-BLAST
60%
.96 Gal
58%
L-3 Nozzlenose
58%
Recycled Brella 24
56%
H-3 Nozzlenose
54%
Douser Dualies FF
53%
No matching quizzes found
Score Distribution
Percent of People with Each Score
Percentile by Number Answered
Your Score History
You have not taken this quiz since the last reset